Alle fortnite Seltenheiten - Statistiken

Allgemein
  • Dieses Quiz wurde 920 mal gespielt
  • Das Durchschnittsergebnis liegt bei 6 aus 7
Antwortstatistiken
Antwort % Korrekt
Selten
99%
Episch
96%
Legendär
96%
Gewöhnlich
90%
Mythisch
74%
Ungewöhnlich
73%
Exotisch
67%
Keine übereinstimmenden Quizze gefunden
Verteilung der Resultate
Anzahl Personen mit jedem Resultat
Perzentil nach korrekt beantworteten Fragen
Ihre Resultats-Entwicklung
Sie haben dieses Quiz noch nicht gespielt